Entry Nombre personal
001 - NÚMERO DE CONTROL
- campo de control: 160741
003 - IDENTIFICADOR DE NÚMERO DE CONTROL
- campo de control: SpMaBN
005 - FECHA Y HORA DE LA ÚLTIMA TRANSACCIÓN
- campo de control: 20250904043524.0
008 - ELEMENTOS DE DATO DE LONGITUD-FIJA
- campo de control de longitud fija: 900725nn ainnnaabn a aaa
016 ## - NÚMERO DE CONTROL DE UNA AGENCIA BIBLIOGRÁFICA NACIONAL
- Número de control del registro: BNE19973216169
024 7# - IDENTIFICADOR DE OTROS ESTÁNDARES
- Número estándar o código: http://www.wikidata.org/entity/Q1697247
- Fuente: wikidata
024 7# - IDENTIFICADOR DE OTROS ESTÁNDARES
- Número estándar o código: http://viaf.org/viaf/9933512/
- Fuente: viaf
024 7# - IDENTIFICADOR DE OTROS ESTÁNDARES
- Número estándar o código: https://isni.org/isni/0000000045403509
- Fuente: isni
040 ## - FUENTE DE CATALOGACIÓN
- Centro catalogador/agencia de origen: SpMaBN
- Lengua de catalogación: spa
- Centro/agencia transcriptor: SpMaBN
- Normas de descripción: rdc
- Convención/Normas de encabezamiento de materia/tesauro: embne
046 ## - FECHAS CON CODIFICACIÓN ESPECIAL
- Fecha de nacimiento: 1843
- Fecha de la muerte: 1924
100 1# - ENCABEZAMIENTO-NOMBRE DE PERSONA
- Nombre de persona: Cambon, Paul,
- Fechas asociadas al nombre: 1843-1924
370 ## - LUGAR ASOCIADO
- Lugar de nacimiento: Francia, Île-de-France, París
370 ## - LUGAR ASOCIADO
- Lugar de fallecimiento: Francia, Île-de-France, París
374 ## - OCUPACIÓN
- Ocupación: Diplomáticos
375 ## - GÉNERO/SEXO
- Género: Masculino
400 1# - TRAZADO DE VÉASE--NOMBRE DE PERSONA
- Nombre de persona: Cambon,
- Fechas asociadas al nombre: 1843-1924
670 ## - FUENTE DE DATOS ENCONTRADOS
- Cita de la fuente: Les conditions du travail en Espagne, 1890
- Información encontrada: port. (par M. Cambon)
670 ## - FUENTE DE DATOS ENCONTRADOS
- Cita de la fuente: WWW BnF aut., 1-7-2020
- Información encontrada: (Cambon, Paul; París, 1843-1924; Diplomático)
- Identificador Uniforme de Recursos: https://catalogue.bnf.fr/ark:/12148/cb12400071n
